| 000 | 00698nam a2200253 a 4500 | ||
|---|---|---|---|
| 999 |
_c3893 _d3893 |
||
| 001 | 15421 | ||
| 003 | BD-DhUAP | ||
| 005 | 20200315110555.0 | ||
| 008 | 200315r20092003ii 000 0 eng d | ||
| 020 | _a8176494704 | ||
| 020 | _a9788176494700 | ||
| 040 |
_aBD-DhAAL _cBD-DhAAL _dBD-DhUAP _bEng |
||
| 082 | 0 | 0 |
_223 _a808.042 MCL |
| 100 | _aMcLaren, Stephen. | ||
| 245 |
_aEssay writing made easy / _cStephen McLaren. |
||
| 250 | _a2nd ed. | ||
| 260 |
_aNew Delhi : _bViva books, _cc2003 [Reprinted 2009]. |
||
| 300 |
_axiv, 153 ; _c23 cm. |
||
| 650 | 0 |
_aEnglish language _96105 _vRhetoric. |
|
| 650 | 0 | _aReport writing. | |
| 650 | 0 |
_aEssay _vAuthorship. |
|
| 942 |
_2ddc _cBK |
||